| 000 | 00506nam a2200169 i 4500 | ||
|---|---|---|---|
| 001 | 40583 | ||
| 003 | ES-MaACL | ||
| 005 | 20230906160249.0 | ||
| 007 | t| | ||
| 008 | 030306s1935 fr ||||1| fre d | ||
| 100 | 1 |
_aCapelin, Edgar. _934816 |
|
| 245 | 1 | 3 |
_aLa vie errante de George Borrow _b: romancier des nomades / _cEdgar Capelin. |
| 260 |
_aParis : _bLes Presses de France, _c[1935] |
||
| 300 |
_a200 p. ; _c19 cm. |
||
| 600 | 1 | 4 |
_aBorrow, George Henry ( _d1803-1881) _930609 |
| 852 |
_aES-MaACL _jA-4543 |
||
| 999 |
_c40583 _d40583 |
||